|
|
|
|
| LEADER |
00000nam0a2200000 4500 |
| 001 |
180198 |
| 005 |
20231031170652.0 |
| 035 |
|
|
|a (RuTPU)RU\TPU\book\195348
|
| 090 |
|
|
|a 180198
|
| 100 |
|
|
|a 20100512d1978 e y0rusy50 ca
|
| 101 |
0 |
|
|a rus
|
| 102 |
|
|
|a RU
|
| 105 |
|
|
|a a z 000yy
|
| 200 |
1 |
|
|a Свидетели странного века. Повесть о создании Кускова и Останкина, двух жемчужин русской культуры XVIII столетия.
|f Б. И. Бродский
|g худож. В. А. Белан
|
| 210 |
|
|
|a Москва
|c Детская литература
|d 1978
|
| 215 |
|
|
|a 158 с.
|c фотоил.
|
| 225 |
1 |
|
|a Библиотечная серия
|
| 330 |
|
|
|a Книга рассказывает об истории создания Кускова и Останкина - замечательных памятников русской культуры XVIII века. Читатель найдет в повести интересные сведения из истории архитектуры, живописи, театра, музыки, быта того времени.
|
| 606 |
1 |
|
|a Познавательная литература
|2 stltpush
|3 (RuTPU)RU\TPU\subj\49974
|
| 610 |
1 |
|
|a история
|
| 610 |
1 |
|
|a живопись
|
| 610 |
1 |
|
|a театр
|
| 610 |
1 |
|
|a архитектура
|
| 610 |
1 |
|
|a крепостное право
|
| 675 |
|
|
|a 087
|v 3
|
| 700 |
|
1 |
|a Бродский
|b Б. И.
|g Борис Ионович
|
| 702 |
|
1 |
|a Белан
|b В. А.
|4 440
|
| 801 |
|
1 |
|a RU
|b 63413507
|c 20100512
|
| 801 |
|
2 |
|a RU
|b 63413507
|c 20220124
|g RCR
|
| 942 |
|
|
|c BK
|